000
00319nam a22001457a 4500
008
221010b ||||| |||| 00| 0 eng d
020
_a
0852745133
041
_a
eng
080
_a
159.9
082
_a
159.9
100
_a
24.1
101
_a
PSI
245
_a
THINKING LIKE A PHYSICIST
_c
THOMPSON N
942
_2
udc
_c
BK
999
_c
58461
_d
58461